000
00327nam a22001457a 4500
008
221212b ||||| |||| 00| 0 eng d
020
_a
978047115228691
041
_a
eng
080
_2
FIFTH EDITION
_a
91
082
_a
91SKI
100
_a
19.2
101
_a
GEOLO
245
_a
DYNAMIC EARTH
_c
SKINNER J B
942
_2
udc
_c
BK
999
_c
59154
_d
59154